000 01200nam a2200337 i 4500
001 10166
003 KOSZ 005
005 20191024091121.0
008 071006s1969 pl a f f 001 0 pol
015 _aPB 1969/4648
040 _aWA N
_cWA N
_dKOSZ 005/RW
080 _a624.012.45
100 1 _aKobiak, Jerzy
_d(1919-1975)
_eAutor
655 4 _aPodręczniki akademickie
650 4 _aKonstrukcje żelbetowe
700 1 _aStachurski, Wiesław
_d(1926-2009)
_eAutor
999 _c10166
_d10166
999 _b(075.8)
245 1 0 _aKonstrukcje żelbetowe.
_nCz. 2 /
_cJerzy Kobiak, Wiesław Stachurski.
250 _aWydanie 3 zmienione.
260 _aWarszawa :
_b"Arkady",
_c1969.
300 _a839 stron, [1] karta tablic :
_bilustracje, errata ;
_c25 cm.
336 _aTekst
_btxt
_2rdacontent
337 _aBez urządzenia pośredniczącego
_bn
_2rdamedia
338 _aWolumin
_bnc
_2rdacarrier
380 _aKsiążki
504 _aBibliografia przy rozdziałach. Indeks.
658 _aArchitektura i budownictwo
710 2 _aWydawnictwo "Arkady".
_4pbl.
856 _uhttp://koha.tu.koszalin.pl/cgi-bin/koha/opac-detail.pl?biblionumber=10166
_yKatalog online BPK
942 _2UKD
_cKS